| 000 | 00725nam a2200217 i 4500 | ||
|---|---|---|---|
| 001 | 184768 | ||
| 003 | ES-MaACL | ||
| 005 | 20250805004004.0 | ||
| 008 | 151207s2015 sp acop |||| |dspa d | ||
| 080 | _a929 Beker, Erol | ||
| 110 | 2 |
_aFundación Erol Beker. _94288 |
|
| 245 | 1 | 0 |
_aXXV Años de la Fundación Erol Beker _b: [1989-2014] / _cApril Thomas Beker, Francisco Rico Pérez. |
| 250 | _aEd. no venal. | ||
| 260 |
_a[Madrid : _bs.n., _c2015] ( _fImp. Roal) |
||
| 300 |
_a206 p. : _bil., fot. col. ; _c24 cm. |
||
| 600 | 1 | 4 |
_aBeker, Erol ( _d1918-1994) _9158319 |
| 700 | 1 |
_aThomas Beker, April. _9158318 |
|
| 700 | 1 |
_aRico Pérez, Francisco, _d1931- _997032 |
|
| 852 |
_aES-MaACL _jN-6467 |
||
| 999 |
_c184768 _d184768 |
||